Statystyki dla Wszytstkie przedmioty, które mozesz zdawac na maturze w Polsce

Kliknij tutaj aby rozwiązać quiz!

Ogólne statystyki

  • Ten quiz został rozwiązany 75 razy
  • Średni wynik to 17 z 24

Statystyki odpowiedzi

L.p.Odpowiedź% Poprawnych
5.geografia
99%
16.język niemieck
99%
12.język polski
99%
2.chemia
97%
15.język hiszpański
97%
10.matematyka
97%
1.biologia
96%
6.historia
96%
13.język angielski
96%
17.język rosyjski
96%
4.fizyka
94%
14.język francuski
94%
18.język włoski
84%
11.wiedza o społeczeństwie
79%
22.język ukraiński jako język mniejszości narodowej
73%
9.informatyka
64%
19.język łaciński i kultura antyczna
60%
24.język kaszubski jako język regionalny
46%
3.filozofia
40%
8.historia sztuki
37%
20.język białoruski jako język mniejszości narodowej
31%
21.język litewski jako język mniejszości narodowej
31%
7.historia muzyki
22%
23.język łemkowski jako język mniejszości etnicznej
13%

Rozkład punktacji

Percentyl według liczby udzielonych odpowiedzi

Procent ludzi z każdym wynikiem

Twoja historia wyników

Nie rozwiązałeś tego quizu